000
00308nam a2200121Ia 4500
008
170620s9999 xx 000 0 und d
100
_a
ALI MOHAMMAD
245
0
_a
TEXTBOOK OF PHARMACUTICAL ORGANIC CHEMISTRY
260
_b
CBS DELHI
260
_c
2006
300
_a
475
546
_a
English
690
_a
PHARMACUTICAL ORGANIC CHEMISTRY
999
_c
30747
_d
30747